00410nam a22001457a 4500003000400000008004100004082001700045100002100062245010200083260003200185300001000217502001500227650001300242650000900255OSt260512b |||||||| |||| 00| 0 eng d a633.18bA28S aPrasad, Akhilesh aStudies on the Effect of Plant Density and Weed Managment of Weeds and Yield of Tranplanted Paddy aPusa, SamastipurbRAuc1992 a141P. bMsc.d1992 aAgronomy aMsc.